Borussia Mönchengladbach Kader 24/25 - Statistiken

Allgemein
  • Dieses Quiz wurde 204 mal gespielt
    153 seit der letzten Aktualisierung
  • Das Durchschnittsergebnis liegt bei 23 aus 27
Antwortstatistiken
Nummer Position Name % Korrekt
1 TW Schweiz Jonas Omlin
95%
3 IV Japan Ko Itakura
95%
14 MS Frankreich, Mali Alassane Plea
94%
30 IV Schweiz Nico Elvedi
94%
11 MS Deutschland Tim Kleindienst
93%
29 RV USA Joe Scally
92%
20 LV Deutschland Luca Netz
90%
33 TW Deutschland Moritz Nicolas
89%
27 ZM Deutschland Rocco Reitz
89%
22 RV Österreich Stefan Lainer
89%
9 RA Frankreich Franck Honorat
88%
7 OM Österreich Kevin Stöger
88%
10 ZM Deutschland Florian Neuhaus
85%
8 DM Deutschland Julian Weigl
85%
25 LA Deutschland Robin Hack
85%
31 MS Tschechien Tomas Cvancara
85%
5 IV Deutschland Marvin Friedrich
84%
21 TW Deutschland Tobias Sippel
83%
2 IV Italien, Deutschland Fabio Chiarodia
79%
19 RA Frankreich, Kamerun Nathan Ngoumou
79%
26 LV Deutschland Lukas Ullrich
77%
17 ZM Frankreich, Elfenbeinküste Manu Kone
77%
16 ZM Deutschland Philipp Sander
76%
41 TW Deutschland Jan Olschowsky
74%
28 MS Armenien, Deutschland Grant-Leon Ranos
73%
13 MS Japan Shio Fukuda
72%
38 LA Luxemburg, Kap Verde Yvandro Borges Sanches
69%
Keine übereinstimmenden Quizze gefunden
Verteilung der Resultate
Anzahl Personen mit jedem Resultat
Perzentil nach korrekt beantworteten Fragen
Ihre Resultats-Entwicklung
Sie haben dieses Quiz seit der letzten Aktualisierung nicht gespielt